LEADER 01069nam a2200205 i 4500 001 000000033506 003 CaOOAMICUS 005 20230503143321.0 008 180830s1893 it u000 u ita u 040 $aSeMil$bita 111 2 $aCongresso cattolico italiano degli studiosi di scienze sociali <1. ; 1892 ; Genova>.$0(OLS)http://semarc/name/15350 245 10$aAtti del primo congresso cattolico italiano degli studiosi di scienze sociali tenuto in Genova nei giorni 8, 9, 10, 11 Ottobre 1892. 260 $aPadova :$bTipografia del Seminario,$c1893- 300 $a2 v. ;$c25 cm. 650 4$aScienze sociali - Atti di congressi.$0(OLS)http://semarc/subject/5350 650 4$aCattolici italiani - Congressi.$0(OLS)http://semarc/subject/752 774 0 $t1: Documenti.$g1$w()135016 996 $6245$aAtti del primo congresso cattolico italiano degli studiosi di scienze sociali tenuto in Genova nei giorni 8, 9, 10, 11 Ottobre 1892$9(OLS)http://semarc/title/45329 996 $6260$aPadova :$bTipografia del Seminario$9(OLS)http://semarc/publisher/33223 LEADER 01210nam a2200277 i 4500 001 000000112690 003 CaOOAMICUS 005 20250124110743.0 008 050805s1981 it a c u000 u ita u 013 $a85374 040 $aSeMil$bita 100 1 $aPicasso, Pablo <1881-1973>.$0(OLS)http://semarc/name/34947 245 10$aPicasso :$bopere dal 1895 al 1971 dalla Collezione Marina Picasso. 264 1$aFirenze :$bSansoni,$c1981. 300 $a409 p. :$bin gran parte ill. ;$c25 cm. 500 $aCatalogo della mostra tenuta a Venezia, Centro di cultura di Palazzo Grassi, 3 maggio-26 luglio 1981 541 0 $aFondo Ciprandi 650 4$aPicasso, Pablo <1881-1973> - Cataloghi di esposizioni.$0(OLS)http://semarc/subject/20300 710 2 $aCollezione Marina Picasso.$0(OLS)http://semarc/name/121365 850 $aSeMil 852 $aSeMil$W1$xVenegono$y1$m5P XVI 26$j68410$B68410$CSeMilBibl$Z2$F101310 $81 941 1 $a1 961 $aOmaggio: Ciprandi dott. Paolo 996 $6245$aPicasso :$bopere dal 1895 al 1971 dalla Collezione Marina Picasso$9(OLS)http://semarc/title/164306 996 $6264$aFirenze :$bSansoni$9(OLS)http://semarc/publisher/29843